Romance 101 : how your relationship can survive your kids, and other passion-killers (Record no. 258280)

MARC details
000 -LEADER
fixed length control field 00289nam a2200085Ia 4500
008 - FIXED-LENGTH DATA ELEMENTS--GENERAL INFORMATION
fixed length control field 210817s9999 xx 000 0 und d
100 ## - MAIN ENTRY--PERSONAL NAME
Personal name Bullen, Sarah Cape Town, 2009
9 (RLIN) 76572
245 #0 - TITLE STATEMENT
Title Romance 101 : how your relationship can survive your kids, and other passion-killers
942 ## - ADDED ENTRY ELEMENTS
item type Books
Holdings
Withdrawn status Lost status Damaged status Not for loan Home library Current library Date acquired Cost, normal purchase price Total Checkouts Barcode Date last seen Price effective from item type
        Hazyview Hazyview 19.08.2021 80.00   33228021500184 19.08.2021 19.08.2021 Books